Implications of surface chemistry on Cctton fiber processing

Las velocidades crecientes de produccin̤ de hilo de algodn̤ en la industria textil ha hecho necesario desarrollar mťodos complementarios a las mediciones tradicionales de propiedades fs̕icas de las fibras, tales como longitud y resistencia, como vaticinador de la eficiencia de hilatura. Con el obje...

সম্পূর্ণ বিবরণ

সংরক্ষণ করুন:
গ্রন্থ-পঞ্জীর বিবরন
অন্যান্য লেখক: Gamble Gary R., The Cotton Foundation
বিন্যাস: গ্রন্থ
ভাষা:ইংরেজি
বিষয়গুলি:
অনলাইন ব্যবহার করুন:Implications of surface chemistry on Cctton fiber processing
ট্যাগগুলো: ট্যাগ যুক্ত করুন
কোনো ট্যাগ নেই, প্রথমজন হিসাবে ট্যাগ করুন!

MARC

LEADER 00000nam a22000004a 4500
001 vpro1728
005 20201223000000.0
008 120822s2007 ck # g## #001 0#eng#d
020
022
040 |a CO-BoINGC 
041 0 |a eng 
245 1 0 |a Implications of surface chemistry on Cctton fiber processing 
246 |a Implicaciones de qum̕ica de superficie sobre el procesamiento de fibra de algodn̤ 
264 |a Bogot ̀(Colombia) :  |b Revista VirtualPRO,  |c 2007 
520 3 |a Las velocidades crecientes de produccin̤ de hilo de algodn̤ en la industria textil ha hecho necesario desarrollar mťodos complementarios a las mediciones tradicionales de propiedades fs̕icas de las fibras, tales como longitud y resistencia, como vaticinador de la eficiencia de hilatura. Con el objetivo de investigar posibles medidas complementarias para solucionar este problema, esta investigacin̤ intenta cuantificar la pectina, cera, glucosa y componentes de electrolitos de superficie de la fibra de algodn̤ para desarrollar una metodologa̕ qum̕ica que aclare factores comn͠mente desconocidos implicados en la eficiencia de hilatura. 
650 \ \ |a Elementos qum̕icos 
650 \ \ |a Procesos qum̕icos 
650 \ \ |a Algodn̤ 
650 \ \ |a Control de procesos industriales 
650 \ \ |a Chemical elements 
650 \ \ |a Chemical processes 
650 \ \ |a Cotton 
650 \ \ |a Industrial process control 
650 \ \ |a Fibras de algodn̤ 
650 \ \ |a Produccin̤ de hilo de algodn̤ 
650 \ \ |a Propiedades fs̕icas de las fibras 
650 \ \ |a Cotton fibers 
650 \ \ |a Production of cotton yarn 
650 \ \ |a Physical properties of fibers  
700 \ \ |a Gamble Gary R.  
700 \ \ |a The Cotton Foundation 
856 |z Implications of surface chemistry on Cctton fiber processing  |u https://virtualpro.unach.elogim.com/biblioteca/implicaciones-de-quimica-de-superficie-sobre-el-procesamiento-de-fibra-de-algodon